| 000 | 00801nam a2200181 i 4500 | ||
|---|---|---|---|
| 001 | 184271 | ||
| 003 | ES-MaACL | ||
| 005 | 20250901095956.0 | ||
| 008 | 150605s1896 sp |||| | spa d | ||
| 080 | _a338.47(460):656.2 | ||
| 110 | 2 |
_aCámara de Comercio, Industria y Navegación de Madrid _92367 |
|
| 245 | 1 | 0 |
_aInformación pública contra el proyecto de ley de auxilios a las compañías de ferrocarriles verificada por la representación de esta cámara ante la comisión de señores senadores los días 11, 13 y 14 de julio de 1896 / _cCámara Oficial de Comercio, Industria y Navegación de Madrid. |
| 260 |
_aMadrid : _b[s.n.], _c1896. |
||
| 300 |
_a78 p. ; _c23 cm. |
||
| 650 | 4 |
_aTransportes ferroviarios- _zEspaña. _9149654 |
|
| 852 | 4 |
_aES-MaACL _jT-804-F-2 |
|
| 999 |
_c184271 _d184271 |
||